A história do nascimento (Registo nº 28840)

Detalhes MARC
000 -Etiqueta do registo
Valores 00760cam a2200277 4500
010 ## - Número ISBN
ISBN 9722600346
090 ## -
-- 28840
095 ## -
-- PTBN00351725
100 ## - Dados gerais de processamento
Dados gerais 20071211d1986 d y0pory5003 ba
101 1# - Língua de publicação
-- por
-- fre
102 ## - País de publicação
-- PT
200 1# - Titulo e menção de responsabilidade
Título próprio A história do nascimento
Primeira menção de responsabilidade escrito por Viviane Abel Prot, Philippe Delorme
Outras menções de responsabilidade il. por Rozier Gaudriault
210 ## - Publicação
Local de publicação [S.l.]
Nome do editor Civilização,
Data de publicação 1986
215 ## - Descrição física 
Paginação / Volumes [36] p.
Outras indicações físicas il.
Dimensões 19 cm
225 2# - Colecção 
Título próprio da colecção Descobrir
675 ## - CDU
Notação 087.5
Edição BNL
Língua por
700 #1 - Autor principal (pessoa individual)
Apelido Prot,
Nome Viviane Abel
701 #1 - Co-autor principal (pessoa individual)
Apelido Delorme,
Nome Philippe
-- 070
702 #1 - Autor secundário (pessoa individual)
Apelido Gaudriault,
Nome Rozier
-- 440
702 #1 - Autor secundário (pessoa individual)
Apelido Leite,
Nome Joaquim
-- 730
801 #0 - Fonte de origem
País PT
Agência BN
Regras de catalogação RPC
930 ## -
-- BECRE/V
998 ## -
-- BPVN3-34
990 ## - Elementos KOHA
Tipo de documento Livro
995 ## - Localização e informação dos exemplares
-- 18
Exemplares
Situação do levantamento Estado Biblioteca de origem Biblioteca de empréstimo Código de barras Cota Permissão de empréstimo Tipo de documento
  Completo Biblioteca do Centro Escolar de Viana do Alentejo Biblioteca do Centro Escolar de Viana do Alentejo 1408BV 087.5 PRO Disponível Livro




Powered by Koha